VIII Exposició General Escolar
Descripción Física:
1 f. ; 16 x 14 cm
Materias:
Escoles -- Barcelona -- Exposicions
MARC
| LEADER | 00000nam a2200000Ia 4500 | ||
|---|---|---|---|
| 001 | 22138 | ||
| 008 | 160829s1922 xx 000 0 cat d | ||
| 080 | |a RF-15-81 | ||
| 245 | |a VIII Exposició General Escolar | ||
| 260 | |a Barcelona : |b Mancomunitat de Catalunya, |c 1922 | ||
| 300 | |a 1 f. ; |c 16 x 14 cm | ||
| 590 | |a Títol variant: Vuitena Exposició General Escolar. | ||
| 590 | |a Prové de 3730, exp. 1 | ||
| 650 | |a Escoles |x Barcelona |x Exposicions |9 47108 | ||
| 710 | 2 | |a Catalunya. |b Mancomunitat |9 53015 | |
| 710 | 1 | |a Barcelona (Catalunya : Província). |b Consell de Pedagogia |9 54044 | |
| 856 | 4 | |u https://media.diba.cat/diba/fitxers/arxiu/fulletons/bib_22138_1922_baixa.pdf |y Accés lliure | |
| 856 | 4 | |u https://media.diba.cat/diba/fitxers/arxiu/fulletons/bib_22138_1922_baixa.pdf |y Accés lliure | |
| 901 | |a Arxiu | ||
| 942 | |n 1 | ||
| 952 | |0 0 |1 0 |4 0 |6 RF1581 |7 1 |9 53681 |a Arxiu |b Arxiu |d 2016-12-01 |l 0 |o RF-15-81 |p 22138 |r 2016-12-01 00:00:00 |w 2016-12-01 |y ARXIU | ||
| 999 | |c 57547 |d 57547 | ||